| 000 | 00365nam a2200157Ia 4500 | ||
|---|---|---|---|
| 003 | OSt | ||
| 005 | 20240209111843.0 | ||
| 008 | 170524s9999 xx 000 0 und d | ||
| 020 | _a8131716996 | ||
| 040 | _ciimtu meerut | ||
| 100 | _aRobbins Stephen P | ||
| 245 | 0 | _aEssentials of Organizational Behaviour | |
| 260 | _bPearson | ||
| 260 | _c2008 | ||
| 942 |
_2ddc _c02 |
||
| 999 |
_c4718 _d4718 |
||